000 00736 a2200193 4500
999 _c4319
_d4319
020 _a0024276413 (hardcover)
050 0 0 _aLB 2806.4 W55 1996
100 1 _aWiles, Jon.
_eAuthor
245 1 0 _aSupervision :
_ba guide to practice /
_cJon Wiles, Joseph Bondi.
250 _a4th ed.
264 _aNew Jersey:
_bMerrill,
_c1996
300 _axix, 391 p. :
_bill. ;
500 _aIncludes bibliographical references (p. 365-379) and indexes.
504 _aIncludes bibliographical references (p. 365-379) and indexes.
650 0 _aSchool supervision.
700 1 _aBondi, Joseph.
_eAuthor
942 _2lcc
_cBK
_e4th ed.
_h2806.4
_iWIL
_kLB